000 00304nam a22001337a 4500
008 180809b xxu||||| |||| 00| 0 eng d
020 _a0721666299
041 _aeng
080 _22 nd
_a616.053
100 _a7
101 _aKAR
245 _aClinical pediatric arrhythmias
_cGILLETTE
942 _2udc
_cBK
999 _c46966
_d46966